| 000 | 003340000a22001450004500 | ||
|---|---|---|---|
| 003 | MACL | ||
| 040 | _aMACL | ||
| 090 |
_c5871 _d5870 |
||
| 100 | _aSingh, Shail Kumari | ||
| 245 | _aReligious And Moral Philosophy Of Swami Vivekananda | ||
| 260 |
_bJanaki Prakashan _c1983 |
||
| 350 | _a110 | ||
| 650 | _aPhilosophy | ||
| 942 |
_cBOOK _k100 |
||
| 999 |
_c5828 _d5828 |
||